000 00256nam a2200109Ia 4500
008 200302s9999 xx 000 0 und d
100 _aEugene P. Odum
245 _aFundamentals of Ecology
260 _bNatraj Publishers
260 _c1996
300 _a574 P.,
999 _c5492
_d5492